[Event "GER Cup Net V3 U1600"]
[Site "Playchess.com INT"]
[Date "2020.05.27"]
[Round "9"]
[White "Gerhard, Dominik"]
[Black "Hampel, Thomas"]
[Result "1-0"]
[WhiteElo "1628"]
[BlackElo "1490"]
[PlyCount "41"]
[EventDate "2020.05.27"]
[EventType "swiss (blitz)"]
[EventRounds "9"]
[EventCountry "GER"]
[SourceTitle "EXT 2021"]
[Source "ChessBase"]
[SourceDate "2020.10.23"]
[SourceVersion "1"]
[SourceVersionDate "2020.10.23"]
[SourceQuality "1"]

1. e4 c6 2. d4 d5 3. f3 e6 4. Nc3 Nf6 5. Bf4 h6 6. Bd3 Nbd7 7. Nge2 Nh5 8. Be3 Nhf6 9. g4 Ng8 10. Qd2 Bb4 11. 0-0-0 Ne7 12. Kb1 b6 13. h4 Bb7 14. a3 Bxc3 15. Nxc3 Qc7 16. Bf4 Qd8 17. exd5 cxd5 18. g5 Ng6 19. gxh6 Nxf4 20. Qxf4 gxh6 21. Nb5 1-0

[Event "GER Cup Net V3 U1600"]
[Site "Playchess.com INT"]
[Date "2020.05.27"]
[Round "7"]
[White "Hampel, Thomas"]
[Black "Muehlbauer, Adrian"]
[Result "1-0"]
[WhiteElo "1490"]
[BlackElo "1620"]
[PlyCount "149"]
[EventDate "2020.05.27"]
[EventType "swiss (blitz)"]
[EventRounds "9"]
[EventCountry "GER"]
[SourceTitle "EXT 2021"]
[Source "ChessBase"]
[SourceDate "2020.10.23"]
[SourceVersion "1"]
[SourceVersionDate "2020.10.23"]
[SourceQuality "1"]

1. d4 d5 2. Bf4 Nf6 3. e3 e6 4. Nd2 Bd6 5. Bg3 b6 6. Bd3 Bb7 7. Ngf3 Nbd7 8. 0-0 0-0 9. Qe2 c5 10. c3 Qc7 11. Rfe1 Rac8 12. Bxd6 Qxd6 13. Rac1 Rc7 14. e4 dxe4 15. Nxe4 Qe7 16. Nxf6+ Nxf6 17. dxc5 Rxc5 18. Nd4 Rfc8 19. Rcd1 R5c7 20. Bc2 Rd7 21. Nf3 Rcd8 22. Rxd7 Rxd7 23. Rd1 Qd8 24. Rxd7 Qxd7 25. Bd3 Qd5 26. a3 h6 27. Ne1 Nd7 28. Qe3 Nc5 29. Be2 Qb3 30. Qd2 Ne4 31. Qc2 Qxc2 32. Nxc2 Kf8 33. Bf3 Ke7 34. Bxe4 Bxe4 35. Ne3 Bb7 36. f3 Kd6 37. Kf2 Ke5 38. g3 f6 39. Ke2 Kd6 40. Nc4+ Kc5 41. Nd2 Kd5 42. f4 e5 43. fxe5 Kxe5 44. Ke3 Kd5 45. Kd3 Kc5 46. Ke3 g5 47. Kd3 Kb5 48. Ke3 Kc5 49. Kd3 Kd5 50. Ke3 Ke5 51. Nf3+ Kf5 52. h3 g4 53. Nd4+ Kg5 54. hxg4 Kxg4 55. Ne2 Bf3 56. c4 Bxe2 57. Kxe2 Kxg3 58. b4 Kg2 59. c5 bxc5 60. bxc5 h5 61. c6 h4 62. c7 h3 63. c8Q h2 64. Qg8+ Kh3 65. Qh8+ Kg2 66. Qg7+ Kh3 67. Qh6+ Kg2 68. Qg6+ Kh3 69. Qh5+ Kg2 70. Qg4+ Kh1 71. Kf3 f5 72. Qg5 f4 73. Kf2 a5 74. Qd5+ f3 75. Qxf3# 1-0

[Event "Hannover Region-ch"]
[Site "Hannover"]
[Date "2015.02.07"]
[Round "3"]
[White "Schoenfeld, Dietmar"]
[Black "Hampel, Thomas"]
[Result "1-0"]
[WhiteElo "1784"]
[BlackElo "1621"]
[PlyCount "141"]
[EventDate "2015.01.10"]
[EventType "swiss"]
[EventRounds "7"]
[EventCountry "GER"]
[SourceTitle "EXT 2021"]
[Source "ChessBase"]
[SourceDate "2020.10.23"]
[SourceVersion "1"]
[SourceVersionDate "2020.10.23"]
[SourceQuality "1"]

1. g3 d5 2. Bg2 c6 3. Nf3 Bf5 4. 0-0 Nf6 5. d3 e6 6. Nbd2 Be7 7. Qe1 0-0 8. e4 Bg6 9. e5 Nfd7 10. Qe2 Re8 11. Bh3 Nf8 12. Re1 Nbd7 13. Nf1 a6 14. Bf4 Rc8 15. Bg2 Bh5 16. h3 Bxf3 17. Qxf3 Ng6 18. h4 Nxf4 19. Qxf4 Nf8 20. Nh2 Qc7 21. Qe3 b5 22. Re2 c5 23. f4 f5 24. exf6 Bxf6 25. c3 d4 26. Qd2 dxc3 27. bxc3 b4 28. Rc1 Bxc3 29. Rxc3 bxc3 30. Qxc3 Qd6 31. Nf3 Red8 32. Ne5 Qd4+ 33. Qxd4 cxd4 34. Nc6 Rd7 35. Rb2 Rdc7 36. Nxd4 Rc1+ 37. Kf2 Rd8 38. Ne2 Rc7 39. Ke3 Rdc8 40. Rb6 a5 41. Nd4 Re8 42. Nc6 a4 43. Ra6 Rec8 44. Nd4 Re8 45. Rxa4 e5 46. Bd5+ Kh8 47. Nf3 exf4+ 48. Kxf4 Ng6+ 49. Kg4 h6 50. Be4 Ne7 51. Ra6 Rec8 52. a4 Nc6 53. d4 Nb8 54. Rb6 Nd7 55. Rb2 Nf6+ 56. Kf4 Nxe4 57. Kxe4 Ra7 58. d5 Rxa4+ 59. Ke5 Re8+ 60. Kd6 Raa8 61. Rb7 Rf8 62. Ne5 Rf6+ 63. Ke7 Raa6 64. h5 Rad6 65. Ng6+ Rxg6 66. hxg6 Rxg6 67. Rb3 Ra6 68. d6 Ra1 69. Re3 Ra7+ 70. d7 Rb7 71. Ke8 1-0

[Event "Hannover Region-ch"]
[Site "Hannover"]
[Date "2015.01.10"]
[Round "1"]
[White "Zweigait, Leon"]
[Black "Hampel, Thomas"]
[Result "0-1"]
[WhiteElo "857"]
[BlackElo "1621"]
[PlyCount "82"]
[EventDate "2015.01.10"]
[EventType "swiss"]
[EventRounds "7"]
[EventCountry "GER"]
[SourceTitle "EXT 2021"]
[Source "ChessBase"]
[SourceDate "2020.10.23"]
[SourceVersion "1"]
[SourceVersionDate "2020.10.23"]
[SourceQuality "1"]

1. d4 d5 2. c4 c6 3. Nf3 Nf6 4. Bf4 dxc4 5. e3 b5 6. Be2 e6 7. a3 Be7 8. 0-0 0-0 9. Nc3 Bb7 10. Qc2 Nbd7 11. h3 a6 12. Rfe1 c5 13. Be5 cxd4 14. Bxd4 Qc7 15. Rad1 e5 16. Rd2 exd4 17. Nxd4 Rfd8 18. f4 Nc5 19. Nf3 Rxd2 20. Qxd2 Rd8 21. Qc2 Nfe4 22. Nxe4 Bxe4 23. Qc3 Bf6 24. Qb4 Bxf3 25. gxf3 Nd3 26. Bxd3 Rxd3 27. Re2 Qd6 28. Qxd6 Rxd6 29. e4 Rd3 30. Kg2 Kf8 31. e5 Be7 32. Kg3 Bc5 33. Kg2 a5 34. Kg3 b4 35. Rc2 c3 36. axb4 axb4 37. bxc3 bxc3 38. h4 Bb4 39. Kg4 Rd2 40. Rc1 c2 41. Rf1 Rd1 0-1